Wireless operational security / (Record no. 189446)

MARC details
000 -LEADER
fixed length control field 00766nam a2200241Ia 4500
003 - CONTROL NUMBER IDENTIFIER
control field OSt
005 - DATE AND TIME OF LATEST TRANSACTION
control field 20251107115418.0
008 - FIXED-LENGTH DATA ELEMENTS--GENERAL INFORMATION
fixed length control field 210716s2004 xx 000 0 und d
020 ## - INTERNATIONAL STANDARD BOOK NUMBER
International Standard Book Number 1555583172
040 ## - CATALOGING SOURCE
Transcribing agency AIMIT LIBRARY
041 ## - LANGUAGE CODE
Language code of text/sound track or separate title eng
082 ## - DEWEY DECIMAL CLASSIFICATION NUMBER
Classification number 005.8
Edition number 1
Item number RITJ
100 ## - MAIN ENTRY--PERSONAL NAME
Personal name Rittinghouse, John W.
9 (RLIN) 244621
245 ## - TITLE STATEMENT
Title Wireless operational security /
Statement of responsibility, etc. By John W Rittinghouse and James F Ransome.
250 ## - EDITION STATEMENT
Edition statement 1st ed.
260 ## - PUBLICATION, DISTRIBUTION, ETC.
Place of publication, distribution, etc. Boston :
Name of publisher, distributor, etc. Elsevier Digital Press ,
Date of publication, distribution, etc. 2004.
300 ## - PHYSICAL DESCRIPTION
Extent xxvi,468p. ;
Other physical details PB
Dimensions 23.8 cm
650 ## - SUBJECT ADDED ENTRY--TOPICAL TERM
Topical term or geographic name entry element Setting up defenses
9 (RLIN) 244622
650 ## - SUBJECT ADDED ENTRY--TOPICAL TERM
Topical term or geographic name entry element Wlan risk and threat mitigation
9 (RLIN) 244623
650 ## - SUBJECT ADDED ENTRY--TOPICAL TERM
Topical term or geographic name entry element Wlan risk and threat mitigation
9 (RLIN) 244623
700 ## - ADDED ENTRY--PERSONAL NAME
Personal name Ransome, James F.
9 (RLIN) 244624
942 ## - ADDED ENTRY ELEMENTS (KOHA)
Source of classification or shelving scheme Dewey Decimal Classification
Koha item type Book
Edition 1st
Call number prefix 005.8 RITJ
Holdings
Withdrawn status Lost status Source of classification or shelving scheme Damaged status Not for loan Collection code Home library Current library Source of acquisition Cost, normal purchase price Inventory number Total Checkouts Full call number Barcode Date last seen Cost, replacement price Price effective from Koha item type
    Dewey Decimal Classification     MCA St Aloysius Institute of Management & Information Technology St Aloysius Institute of Management & Information Technology Athulya Books 465.00 Bill no:ABK 921; Bill dt:2009-03   005.8 RITJ MCA08954 05/23/2026 362.70 07/16/2021 Book